Intervencin̤ delictiva y Derecho Penal Internacional. Reglas de atribucin̤ de la responsabilidad en crm̕enes internacionales /

Bibliographic Details
Main Author: Gil Gil, Alicia
Other Authors: Maculan, Elena
Format: eBook
Language:Spanish
Published: Madrid: Dykinson, 2013
Subjects:
Online Access:Acceso restringido

MARC

LEADER 00000nam a22000007a 4500
005 20140711131943.0
007 cr|||| ||||
008 140711s2013 es |||||s|||| 00||0 spa d
020 |a 978-84-9031-938-3 
035 |a 12243 
040 |a vLex 
090 |c 5031  |d 5031 
100 1 |a Gil Gil, Alicia 
245 1 0 |a  Intervencin̤ delictiva y Derecho Penal Internacional.  |h [Recurso electrn̤ico] :  |b Reglas de atribucin̤ de la responsabilidad en crm̕enes internacionales /  |c Alicia Gil Gil, Elena Maculan 
256 |a Servicio en ln̕ea 
260 |a Madrid:  |b Dykinson,  |c 2013 
300 |a 1 recurso electrn̤ico 
500 |a El lector encontrar ̀en las pg̀inas siguientes una visin̤ compleja y diversa de los distintos problemas y soluciones en torno a la imputacin̤ de crm̕enes internacionales. Se combinan las perspectivas ms̀ ter̤icas y las ms̀ prc̀ticas, las de penalistas, procesalistas, internacionalistas e historiadores, para trasmitir la visin̤ ms̀ completa y poliďrica del tema. En la primera seccin̤, que pretende dibujar el marco ter̤ico para estudiar los modelos de intervencin̤ delictiva en Derecho penal internacional, se abordan los aspectos criminolg̤icos, haciendo hincapi ̌en los factores ideolg̤icos que predisponen a ejecutor a cometer un crimen en el seno de aparatos de poder organizados. Tambiň se tratan cuestiones relativas a las fuentes del Derecho penal internacional, la interaccin̤ jurisprudencial entre los niveles nacional e internacional y los problemas de la expansin̤ del Derecho penal internacional con el consiguiente riesgo de infraccin̤ de los principios y garanta̕s bs̀icas del Derecho penal. En las siguientes secciones se estudian detalladamente las figuras concretas: la figura de la responsabilidad del superior, la coautora̕ directa por dominio funcional, la autora̕ mediata por aparatos de poder, la coautora̕ mediata, la empresa criminal conjunta y la figura de la contribucin̤ al crimen cometido por un grupo. La obra termina con una seccin̤ conclusiva en la que se intenta contestar a la pregunta sobre la posible formacin̤ de una dogmt̀ica universal con respecto a los modelos de autora̕ y participacin̤ en el r̀ea del Derecho penal internacional. Esta seccin̤ incluye un artc̕ulo final, que tras exponer una panorm̀ica sobre los modelos de atribucin̤ aplicados en esta r̀ea del Derecho (y analizados por separado en las contribuciones anteriores), se detiene en las cuestiones problemt̀icas que todava̕ quedan por resolver y expone algunas conclusiones finales. Por l︢timo, se resumen los aspectos ms̀ relevantes de la discusin̤ que tuvo lugar en la mesa redonda que cerr ̤el Congreso en la que debatieron ter̤icos y prc̀ticos, recogiendo de esta manera la experiencia de los jueces y fiscales en los tribunales nacionales e internacionales que han juzgado este tipo de crm̕enes. 
506 1 |a Disponible solo en los productos indicados  |d vLex Global  |d vLex Global (Academic Edition, excluding Law Schools)  |d vLex Global (U.S. Academic Edition, Law Schools)  |d vLex Global (U.S. Academic Edition, excluding Law Schools)  |d vLex Global (Academic Edition, Law Schools) 
650 0 4 |a Derecho Penal  |z Espaą 
650 0 4 |a Derecho Internacional  |z Espaą 
700 1 |a Maculan, Elena 
740 0 |a vLex Libros (Servicio en ln̕ea) 
856 4 0 |u http://vlex.com/source/intervencion-delictiva-y-derecho-penal-internacional-reglas-de-atribucion-de-la-responsabilidad-en-crimenes-internacionales-12243  |z Acceso restringido 
942 |c BOOK 
999 0 |a Criminal Law 
999 0 |a International Law